| 000 | 00000nam 2200000za 4500 |
| 001 | 9.675055 |
| 003 | CaOODSP |
| 005 | 20250508103157 |
| 007 | cr ||||||||||| |
| 008 | 150407|2010||||xxc|||||o f|0| 0 iku d |
| 020 | |a978-0-662-03370-7 |
| 040 | |aCaOODSP|beng |
| 043 | |an-cn--- |
| 086 | 1 |aR64-105/81-2010Iku3-PDF|zR64-105/81-2010SR-PDF |
| 110 | 2 |aParks Canada. |
| 245 | 10|aTongait KakKasuangita SilakKijapvinga, Torngat Mountains National Park of Canada - management plan 2010 |h[electronic resource]. |
| 250 | |a[Inuktitut (Roman) edition]. |
| 260 | |aHalifax - Nova Scotia : |bParks Canada |cJune 2010. |
| 300 | |a81p.|bglossary, maps, references, tables, photographs |
| 546 | |aText in Inuktitut (Roman). |
| 590 | |a10-36|b2010-09-10 |
| 690 | 07|aNational parks|2gcpds |
| 775 | 08|tTongait KakKasuangita SilakKijapvinga, Parc national du Canada Monts-Torngat - plan directeur 2010 |w(CaOODSP)9.636772 |
| 775 | 08|tTongait KakKasuangita SilakKijapvinga, Parc national du Canada Monts-Torngat - plan directeur 2010 |w(CaOODSP)9.675054 |
| 775 | 08|tTongait KakKasuangita SilakKijapvinga, Torngat Mountains National Park of Canada - management plan 2010 |w(CaOODSP)9.692504 |
| 776 | 0#|tParc national du Canada des Monts-Torngat - plan directeur 2010 |w(CaOODSP)9.672232 |
| 792 | |tTongait KakKasuangita SilakKijapvinga, Parc national du Canada Monts-Torngat - plan directeur 2010 |efre|w(CaOODSP)9.675056 |
| 856 | 40|ahttp://publications.gc.ca|qPDF|s13136 KB|uhttps://publications.gc.ca/collections/collection_2010/pc/R64-105-81-2010SR.pdf |